Central Library OPAC University of Rajshahi

The administration of the sultanate of Dehli / (Record no. 64040)

MARC details
000 -LEADER
fixed length control field 00744nam a2200241 a 4500
001 - CONTROL NUMBER
control field 64040
003 - CONTROL NUMBER IDENTIFIER
rucl marc code BD-RjUL
005 - DATE AND TIME OF LATEST TRANSACTION
control field 20211209081250.0
008 - FIXED-LENGTH DATA ELEMENTS--GENERAL INFORMATION
fixed length control field 170208s1958 ii ab b 001 0 eng d
035 ## - SYSTEM CONTROL NUMBER
System control number (BD-RjUL)64170
040 ## - CATALOGING SOURCE
Original cataloging agency DLC
Transcribing agency CLE
Modifying agency OCL
-- BD-RjUL
Language of cataloging eng
041 ## - LANGUAGE CODE
Language code of text/sound track or separate title eng
082 ## - DEWEY DECIMAL CLASSIFICATION NUMBER
Edition number 23
Classification number 954.02
Author mark and year QUA 1958
100 1# - MAIN ENTRY--PERSONAL NAME
Personal name Qureshi, Ishtiaq Husain.
9 (RLIN) 118359
245 14 - TITLE STATEMENT
Title The administration of the sultanate of Dehli /
Statement of responsibility, etc. Ishtiaq Husain Qureshi.
250 ## - EDITION STATEMENT
Edition statement 4th. rev. ed.
260 ## - PUBLICATION, DISTRIBUTION, ETC. (IMPRINT)
Place of publication, distribution, etc. New delhi :
Name of publisher, distributor, etc. Sh. Muhammad Ashraf,
Date of publication, distribution, etc. 1958
300 ## - PHYSICAL DESCRIPTION
Pagination xi, 313 p. :
Illustrations iil. ;
Size 21 cm.
504 ## - BIBLIOGRAPHY, ETC. NOTE
Bibliography, etc Includes bibliography and index.
650 #0 - SUBJECT ADDED ENTRY--TOPICAL TERM
Topical term or geographic name as entry element Muslims
Geographic subdivision India.
9 (RLIN) 162759
651 #0 - SUBJECT ADDED ENTRY--GEOGRAPHIC NAME
Geographic name India
General subdivision Politics and government.
9 (RLIN) 162760
942 ## - ADDED ENTRY ELEMENTS (KOHA)
Source of classification or shelving scheme Dewey Decimal Classification
Koha item type Books
Holdings
Lost status Source of classification or shelving scheme Damaged status Not for loan Collection code Permanent Location Current Location Shelving location Date acquired Source of acquisition Cost, normal purchase price Total Checkouts Full call number Date last seen Copy number Koha item type
  Dewey Decimal Classification   Not For Loan Non-fiction Central Library, University of Rajshahi Central Library, University of Rajshahi Reading Room 04/12/1958 Pakistani Historical Society 15.00   954.02 QUA 1958 08/02/2017 C-1 Books